| 000 | 00372pab a2200157 454500 | ||
|---|---|---|---|
| 008 | 180718b2007 xxu||||| |||| 00| 0 eng d | ||
| 100 | _aBanerjee, Pranab K. | ||
| 245 | _aPossibility of free trade and identity of nations | ||
| 260 | _c2007 | ||
| 300 | _ap.21-24. | ||
| 362 | _a11 Aug | ||
| 650 | _aFree trade | ||
| 773 | _aMainstream | ||
| 908 | _aN | ||
| 909 | _a75616 | ||
| 999 |
_c75616 _d75616 |
||